00384nam a2200121Ia 4500003000400000005001700004008004100021040001800062041000800080100005600088245008200144260003600226OSt20260127110145.0211028s2017 xx 000 0 und d cAIMIT LIBRARY aeng aGonsalves, Prinith Veena ; Pereira, Divya.g1516109 aCompetency mapping: a study with reference to big bazzar Attavaar Mangalore / aMangalorebDivya Pereira.c2017